000 00250nam a22000977a 4500
999 _c532176
_d532176
082 _a070.442
_bTAR
100 _aTarar, Mustansar Hussain.
245 _aHazaroo hain shikway /
942 _2ddc
_cBK